000 00693nam a2200217Ia 4500
001 19395
003 GE_BSU
008 181216s||||||||xx |||||||||||||| ||und||
040 _cGE_BSU
245 _aВокруг света №1 2017.
245 _bжурнал русского географического общества
245 _cГл.ред. С. Апресов
260 _aМосква
260 _c2017
300 _a128 стр. 29см.
653 _aВокруг света. №1 2017.
653 _aжурнал русского географического общества
653 _aПериодика
653 _aპერიოდიკა
942 _cCR
999 _c52375
_d52375